<?xml version="1.0" encoding="UTF-8"?>
<collection xmlns="http://www.loc.gov/MARC21/slim">
 <record>
  <leader>05956nam a2200397 a 4500</leader>
  <controlfield tag="001">kal5178</controlfield>
  <controlfield tag="003">Gr-AtHEAL</controlfield>
  <controlfield tag="005">20160511073619.0</controlfield>
  <controlfield tag="006">m        d        </controlfield>
  <controlfield tag="008">160413s2015    gr      s           gre|c</controlfield>
  <datafield tag="020" ind1=" " ind2=" ">
   <subfield code="a">9789606034206</subfield>
  </datafield>
  <datafield tag="040" ind1=" " ind2=" ">
   <subfield code="a">GR-AtHEAL</subfield>
   <subfield code="b">gre</subfield>
   <subfield code="c">GR-AtHEAL</subfield>
  </datafield>
  <datafield tag="082" ind1="0" ind2="4">
   <subfield code="a">930.1</subfield>
   <subfield code="2">23</subfield>
  </datafield>
  <datafield tag="100" ind1="1" ind2=" ">
   <subfield code="a">Βαβουρανάκης, Γεώργιος.</subfield>
   <subfield code="8">1681</subfield>
  </datafield>
  <datafield tag="245" ind1="1" ind2="0">
   <subfield code="a">Εικόνα και αρχαιολογία</subfield>
   <subfield code="h">[Ηλεκτρονικός πόρος] </subfield>
   <subfield code="b">Η περίπτωση της προϊστορικής αρχιτεκτονικής. Μέρος Α΄</subfield>
   <subfield code="c">Βαβουρανάκης, Γεώργιος ; Κριτικός αναγνώστης,Παλυβού, Καλλιρρόη ; Γλωσσική επιμέλεια,Διαμάντης, Γεώργιος.</subfield>
  </datafield>
  <datafield tag="260" ind1=" " ind2=" ">
   <subfield code="a">Αθήνα :</subfield>
   <subfield code="b">Σύνδεσμος Ελληνικών Ακαδημαϊκών Βιβλιοθηκών,</subfield>
   <subfield code="c">c2015.</subfield>
  </datafield>
  <datafield tag="490" ind1=" " ind2=" ">
   <subfield code="a">Ακαδημαϊκά Ηλεκτρονικά Συγγράμματα και Βοηθήματα Κάλλιπος</subfield>
   <subfield code="8">40</subfield>
  </datafield>
  <datafield tag="520" ind1=" " ind2=" ">
   <subfield code="a">Το βιβλίο αυτό εξετάζει το ρόλο της εικόνας στον επιστημονικό λόγο της προϊστορικής αρχαιολογίας στον ελληνικό χώρο. Ειδικότερη έμφαση δίνεται στην εικονογράφηση της αρχιτεκτονικής σε τελικές δημοσιεύσεις προϊστορικών αρχαιολογικών θέσεων και συγκεκριμένα στη σημασία των γραμμικών σχεδίων (κατόψεων, τομών, αξονομετρικών σχεδίων), των ελεύθερων προοπτικών σχεδίων και αναπαραστάσεων, καθώς και στην ιδιαίτερη κατηγορία των ψηφιακών εικόνων. Κεντρικής σημασίας είναι τα εξής ερωτήματα: πόση έμφαση δίνεται στην περιγραφικη παρουσίαση και πόση στην ανασύνθεση και ερμηνεία των αρχιτεκτονικών καταλοίπων; Πόσο λεπτομερείς ή/και πόσο σχηματικές είναι οι σχετικές εικόνες; Πόσα είναι τα τεχνικά σχέδια και πόσες οι ελεύθερες αναπαραστάσεις; Πόση έμφαση δίνεται στον καθ' ύψος άξονα και πόση στην τρίτη διάσταση; Ποιές αλλαγές επιφέρουν οι ψηφιακές εφαρμογές στην αρχαιολογική ερευνητική διαδικασια; Εξετάζονται επίσης η συμμετοχή εξειδικευμένου προσωπικού (αρχιτεκτόνων, τοπογράφων, σχεδιαστών, γραφιστών κλπ.) στη μελέτη και εικονογράφηση της αρχιτεκτονικής, τα εκάστοτε διαθέσιμα τεχνικά μέσα και τέλος, το πλήθος και η σχέση εικόνων με τα αντίστοιχα κείμενα στις προϊστορικές δημοσιεύσεις. Έτσι διαπιστώνονται οι επιστημολογικές επιλογές των διαφόρων ερευνητών. Το βιβλίο αποτελεί το πρώτο μέρος της συνολικής πραγμάτευσης του παραπάνω θέματος. Καλύπτει την ιστορία της έρευνας, πραγματεύεται θωρητικά τη σχέση εικόνας και λόγου και παραθέτει τους κυριότερους τύπους σχεδίων και ψηφιακών εικόνων στις αρχαιολογικές δημοσιεύσεις. Στη συνέχεια εξετάζεται ο ρόλος των εικόνων αυτών στα δημοσιεύματα των περιηγητών του 18ου και του 19ου αιώνα, στο έργο τεσσάρων πρωτοπόρων της έρευνας, του Heinrich Schliemann, του Wilhelm Dörpfeld, του Χρήστου Τσούντα και του Arthur Evans και τέλος στις δημοσιεύσεις προϊστορικών ανασκαφών στο Αιγαίο, από τα τέλη του 19ου αιώνα έως και της δεκαετία του 1950.</subfield>
  </datafield>
  <datafield tag="650" ind1=" " ind2="0">
   <subfield code="a">Archaeology and history</subfield>
   <subfield code="z">Greece</subfield>
   <subfield code="8">2787</subfield>
  </datafield>
  <datafield tag="650" ind1=" " ind2="0">
   <subfield code="a">Architecture</subfield>
   <subfield code="8">2238</subfield>
  </datafield>
  <datafield tag="653" ind1=" " ind2=" ">
   <subfield code="a">Προϊστορική αρχαιολογία</subfield>
  </datafield>
  <datafield tag="653" ind1=" " ind2=" ">
   <subfield code="a">Αρχιτεκτονικά σχέδια</subfield>
  </datafield>
  <datafield tag="653" ind1=" " ind2=" ">
   <subfield code="a">Ιστορία έρευνας</subfield>
  </datafield>
  <datafield tag="653" ind1=" " ind2=" ">
   <subfield code="a">Προϊστορικό Αιγαίο</subfield>
  </datafield>
  <datafield tag="653" ind1=" " ind2=" ">
   <subfield code="a">Αρχαιολογική θεωρία</subfield>
  </datafield>
  <datafield tag="653" ind1=" " ind2=" ">
   <subfield code="a">Προϊστορική αρχιτεκτονική</subfield>
  </datafield>
  <datafield tag="653" ind1=" " ind2=" ">
   <subfield code="a">Ιστορία</subfield>
   <subfield code="a">Αρχαιολογία</subfield>
   <subfield code="a">Η νεολιθική περίοδος στη νοτιοανατολική Ευρώπη και στο Αιγαίο</subfield>
  </datafield>
  <datafield tag="653" ind1=" " ind2=" ">
   <subfield code="a">Ιστορία</subfield>
   <subfield code="a">Αρχαιολογία</subfield>
   <subfield code="a">Η αρχαιολογία της εποχής χαλκού στο Αιγαίο</subfield>
  </datafield>
  <datafield tag="653" ind1=" " ind2=" ">
   <subfield code="a">Ιστορία</subfield>
   <subfield code="a">Αρχαιολογία</subfield>
  </datafield>
  <datafield tag="653" ind1=" " ind2=" ">
   <subfield code="a">Ιστορία</subfield>
   <subfield code="a">Αρχαιολογία</subfield>
   <subfield code="a">Ιστορία της αρχαιολογίας (επιστήμη, ανασκαφές, αναστηλώσεις)</subfield>
  </datafield>
  <datafield tag="700" ind1="1" ind2=" ">
   <subfield code="a">Παλυβού, Καλλιρρόη</subfield>
   <subfield code="e">Κριτικός αναγνώστης</subfield>
   <subfield code="8">1682</subfield>
  </datafield>
  <datafield tag="856" ind1="4" ind2="0">
   <subfield code="u">http://hdl.handle.net/11419/5178</subfield>
   <subfield code="z">Πλήρες Κείμενο - Full text</subfield>
  </datafield>
  <datafield tag="907" ind1=" " ind2=" ">
   <subfield code="a">.b25677585</subfield>
   <subfield code="b">12-06-18</subfield>
   <subfield code="c">29-07-16</subfield>
  </datafield>
  <datafield tag="949" ind1=" " ind2=" ">
   <subfield code="0">0</subfield>
   <subfield code="1">0</subfield>
   <subfield code="2">ddc</subfield>
   <subfield code="4">0</subfield>
   <subfield code="6">930_100000000000000_ΒΑΒ</subfield>
   <subfield code="7">0</subfield>
   <subfield code="8">KALL</subfield>
   <subfield code="8">516</subfield>
   <subfield code="d">2016-04-13</subfield>
   <subfield code="r">2016-04-13</subfield>
   <subfield code="w">2016-04-13</subfield>
   <subfield code="z">930.1 ΒΑΒ</subfield>
   <subfield code="o">SEAB KALLIPOS</subfield>
  </datafield>
  <datafield tag="998" ind1=" " ind2=" ">
   <subfield code="a">80</subfield>
   <subfield code="a">01</subfield>
   <subfield code="a">02</subfield>
   <subfield code="a">03</subfield>
   <subfield code="a">04</subfield>
   <subfield code="a">05</subfield>
   <subfield code="a">06</subfield>
   <subfield code="a">07</subfield>
   <subfield code="a">08</subfield>
   <subfield code="a">09</subfield>
   <subfield code="a">10</subfield>
   <subfield code="a">11</subfield>
   <subfield code="a">12</subfield>
   <subfield code="a">13</subfield>
   <subfield code="a">14</subfield>
   <subfield code="a">15</subfield>
   <subfield code="a">16</subfield>
   <subfield code="a">17</subfield>
   <subfield code="a">18</subfield>
   <subfield code="a">19</subfield>
   <subfield code="a">20</subfield>
   <subfield code="a">21</subfield>
   <subfield code="a">22</subfield>
   <subfield code="a">23</subfield>
   <subfield code="a">24</subfield>
   <subfield code="a">25</subfield>
   <subfield code="a">26</subfield>
   <subfield code="b">10-05-17</subfield>
   <subfield code="c">m</subfield>
   <subfield code="d">z  </subfield>
   <subfield code="e">-</subfield>
   <subfield code="f">gre</subfield>
   <subfield code="g">gr </subfield>
   <subfield code="h">0</subfield>
  </datafield>
  <datafield tag="942" ind1=" " ind2=" ">
   <subfield code="2">ddc</subfield>
   <subfield code="c">KALLIPOS</subfield>
  </datafield>
 </record>
</collection>
